Wind loads on roof-mounted photovoltaic and solar thermal systems (Record no. 115184)
[ view plain ]
| 000 -LEADER | |
|---|---|
| fixed length control field | 01235cam a22002535a 4500 |
| 001 - CONTROL NUMBER | |
| control field | L158175 |
| 008 - FIXED-LENGTH DATA ELEMENTS--GENERAL INFORMATION | |
| fixed length control field | 100114s2014 xxko f 000 0 eng d |
| 020 ## - INTERNATIONAL STANDARD BOOK NUMBER | |
| International Standard Book Number | 9781848063464 |
| 035 ## - SYSTEM CONTROL NUMBER | |
| System control number | (Sirsi) u158175 |
| 041 0# - LANGUAGE CODE | |
| Language code of text/sound track or separate title | eng |
| 050 04 - LIBRARY OF CONGRESS CALL NUMBER | |
| Classification number | 690 $2 18 |
| 100 1# - MAIN ENTRY--PERSONAL NAME | |
| Personal name | Blackmore, Paul |
| 245 00 - TITLE STATEMENT | |
| Title | Wind loads on roof-mounted photovoltaic and solar thermal systems |
| 260 ## - PUBLICATION, DISTRIBUTION, ETC. | |
| Place of publication, distribution, etc. | Watford |
| Name of publisher, distributor, etc. | BRE |
| Date of publication, distribution, etc. | 2014 |
| 300 ## - PHYSICAL DESCRIPTION | |
| Extent | 16p. |
| Other physical details | ill. |
| Dimensions | 30cm. |
| 490 #0 - SERIES STATEMENT | |
| Series statement | BRE Digest |
| Volume/sequential designation | (DG 489) |
| 520 ## - SUMMARY, ETC. | |
| Summary, etc. | This Digest has been revised and expanded to include wind loading guidance for a wider range of roof-mounted solar installations and example calculations, and is now applicable to both PV and ST systems. It includes guidance for installers, designers and manufacturers of such systems, as well as local authorities, architects and specifiers, on the wind loads to be used for the design of roof-mounted solar systems in the UK based on the Eurocode for wind actions (BS EN 1991-1-4:2005) and the UK National Annex. This Digest replaces the guidance published in 2004. Revised 2014, 2nd amendment. |
| 521 ## - TARGET AUDIENCE NOTE | |
| Target audience note | Advanced |
| 590 ## - LOCAL NOTE (RLIN) | |
| Local note | KA |
| 651 #4 - SUBJECT ADDED ENTRY--GEOGRAPHIC NAME | |
| Geographic name | United Kingdom |
| Chronological subdivision | |
| 690 ## - LOCAL SUBJECT ADDED ENTRY--TOPICAL TERM (OCLC, RLIN) | |
| Topical term or geographic name as entry element | Environment |
| 9 (RLIN) | 6238 |
| 690 ## - LOCAL SUBJECT ADDED ENTRY--TOPICAL TERM (OCLC, RLIN) | |
| Topical term or geographic name as entry element | Energy |
| 9 (RLIN) | 6237 |
| 942 ## - ADDED ENTRY ELEMENTS (KOHA) | |
| Suppress in OPAC | 0 |
| Source of classification or shelving scheme | Dewey Decimal Classification |
| Withdrawn status | Lost status | Source of classification or shelving scheme | Damaged status | Not for loan | Home library | Current library | Shelving location | Date acquired | Total Checkouts | Full call number | Barcode | Date last seen | Copy number | Price effective from | Koha item type |
|---|---|---|---|---|---|---|---|---|---|---|---|---|---|---|---|
| Dewey Decimal Classification | London | London | BRE publications | 02/10/2014 | BRE | 30075300 | 06/08/2019 | 1 | 06/08/2019 | Book |